| 000 | 01329nam a22002777a 4500 | ||
|---|---|---|---|
| 005 | 20090720145416.0 | ||
| 008 | 090714t xxu||||| |||| 00| 0 hin d | ||
| 010 | _aHIN-87364 | ||
| 020 |
_c595.00 _a9788190537599 |
||
| 035 | _aHN-59710 | ||
| 037 | _bDBAD / PUB | ||
| 040 |
_adpl _bhn |
||
| 082 | _a070.4 | ||
| 100 | _aबिजेन्द्र कुमार | ||
| 245 |
_aहिन्दी पत्रकारिता और भूमंडलीकरण / _cबिजेन्द्र कुमार |
||
| 246 |
_aHindi ptrakaaritaa aura bhumandlikaran _bby Bijendra Kumar |
||
| 260 |
_aदिल्ली _bश्री नटराज प्रकाशन _c2007 |
||
| 270 |
_aए-507/12, साउथ गामड़ी एकसटेंशन, _bदिल्ली _e110053 |
||
| 300 |
_a352पृ. _c22सेमी (सजिल्द) |
||
| 650 |
_aपत्रकारिता _zIndia |
||
| 650 |
_aJournalism _zIndia |
||
| 650 | _aभूमंडलीकरण | ||
| 650 | _aGlobalisation | ||
| 942 |
_2ddc _cHN _mबिजेन्द्र _h070.4 |
||
| 999 |
_c28460 _d28460 |
||